[Event "Wch Seniors 23rd 2013"]
[Site "Rijeka"]
[Date "2013.11.21"]
[Round "9.92"]
[White "Birkestrand, Odd"]
[Black "King, Melvyn"]
[Result "0-1"]
[WhiteElo "1819"]
[BlackElo "1890"]
[PlyCount "86"]
[EventDate "2013.11.12"]

1. e4 e5 2. Nf3 f5 3. d3 d6 4. Be2 Nf6 5. Nc3 c6 6. exf5 Bxf5 7. Bg5 Be7 8. O-O
O-O 9. h3 h6 10. Be3 Nh7 11. Qc1 Nd7 12. Nh2 g5 13. g4 Bg6 14. d4 d5 15. dxe5
Nxe5 16. Qd2 b6 17. Rac1 Bf7 18. f4 Ng6 19. f5 Ne5 20. Bd4 Bd6 21. Rcd1 Qc7 22.
Nf3 Nf6 23. Nxg5 Rae8 24. Nf3 Nexg4 25. Bd3 Bf4 26. Qg2 Kh7 27. hxg4 Ne4 28.
Bxe4 dxe4 29. Nh2 c5 30. Nxe4 Bxh2+ 31. Kh1 Be5 32. Bxe5 Qxe5 33. Rde1 Bd5 34.
Ng5+ hxg5 35. Rxe5 Bxg2+ 36. Kxg2 Rxe5 37. Rh1+ Kg7 38. Rh5 Re2+ 39. Kf3 Rxc2
40. Rxg5+ Kf7 41. Rh5 Rxb2 42. g5 Rxa2 43. Rh7+ Kg8 0-1

[Event "Wch Seniors 23rd 2013"]
[Site "Rijeka"]
[Date "2013.11.21"]
[Round "9.93"]
[White "Kummer, Heinz"]
[Black "Karabut, Vladimir"]
[Result "1/2-1/2"]
[WhiteElo "1788"]
[BlackElo "2044"]
[PlyCount "94"]
[EventDate "2013.11.12"]

1. e4 c6 2. d4 e6 3. Nf3 d5 4. Bd3 a6 5. O-O Be7 6. Qe2 dxe4 7. Bxe4 Nf6 8. Bd3
Qc7 9. Ne5 Nbd7 10. f4 c5 11. Nxd7 Bxd7 12. dxc5 Bxc5+ 13. Kh1 O-O 14. Nc3 Bc6
15. Ne4 Be7 16. Nxf6+ Bxf6 17. Be4 Bb5 18. Bd3 Bxd3 19. Qxd3 Qb6 20. c3 Rfd8
21. Qe2 Rd7 22. Be3 Qc7 23. Rad1 Rad8 24. Rxd7 Rxd7 25. Rd1 Rd5 26. a3 Qd6 27.
Rxd5 Qxd5 28. Qd2 Qc6 29. Qd3 g6 30. Kg1 h5 31. Qd2 Be7 32. Qd4 f6 33. h3 Kf7
34. Qd2 f5 35. Qd4 Bf6 36. Qc5 Qd7 37. Qb6 h4 38. Bd4 Bxd4+ 39. Qxd4 Qxd4+ 40.
cxd4 Ke7 41. Kf2 Kd6 42. Ke3 Kd5 43. b3 a5 44. a4 Kc6 45. Kd3 Kd5 46. Ke3 Kd6
47. Kd3 Kd5 1/2-1/2

[Event "Wch Seniors 23rd 2013"]
[Site "Rijeka"]
[Date "2013.11.21"]
[Round "9.94"]
[White "Keze, Arnis"]
[Black "Hernandez M., E. Gustavo"]
[Result "1-0"]
[WhiteElo "1735"]
[BlackElo "1933"]
[PlyCount "199"]
[EventDate "2013.11.12"]

1. d4 Nf6 2. c4 e6 3. Nf3 b6 4. Nc3 Bb4 5. e3 O-O 6. Bd3 Bb7 7. O-O Bxc3 8.
bxc3 d6 9. Re1 Nbd7 10. Ba3 c5 11. e4 e5 12. d5 g6 13. Bc1 Nh5 14. Bh6 Ng7 15.
Ng5 Bc8 16. h3 Nf6 17. g4 Kh8 18. Qf3 Qe7 19. Be2 Ng8 20. Bxg7+ Kxg7 21. Qe3 h6
22. Nf3 Nf6 23. Nh2 Nd7 24. Qg3 Qg5 25. Kg2 Kh7 26. Rf1 Qd2 27. Rfe1 f5 28. Nf1
Qg5 29. gxf5 gxf5 30. Qxg5 hxg5 31. exf5 Nf6 32. Ng3 Bd7 33. a4 Rae8 34. Bd3
Re7 35. Rh1 e4 36. Bc2 Kg7 37. Rae1 Rfe8 38. Re3 Re5 39. Ne2 Bxf5 40. Rg3 Bg6
41. h4 Nh5 42. Rxg5 Rxg5+ 43. hxg5 Re5 44. Rh4 Rxg5+ 45. Kf1 Re5 46. Rg4 Nf6
47. Rg3 Nh5 48. Rg2 Kf6 49. Ng3 Nxg3+ 50. Rxg3 Rg5 51. Rh3 Kg7 52. Re3 Re5 53.
Rg3 Kf6 54. Ke2 Bh5+ 55. Ke3 Bg6 56. Rg4 Kf5 57. Rh4 Kg5 58. Rf4 Re7 59. Bxe4
Bxe4 60. Rxe4 Rh7 61. Re6 Rh4 62. Kd3 Rf4 63. Rxd6 Rxf2 64. Rd7 a6 65. Rd6 Rf3+
66. Kc2 Rf6 67. Rc6 Kf5 68. d6 Rf7 69. Rxb6 Ra7 70. Kd3 Ke5 71. Rc6 a5 72. Rc7
Ra6 73. d7 Rd6+ 74. Kc2 Ke6 75. Rxc5 Kxd7 76. Rxa5 Kc7 77. Kb3 Rb6+ 78. Rb5 Rg6
79. Kb4 Rg1 80. Rh5 Rb1+ 81. Kc5 Ra1 82. Rh7+ Kb8 83. Kb6 Rb1+ 84. Kc6 Ra1 85.
Rb7+ Ka8 86. Rb4 Ra3 87. Kb6 Rxc3 88. c5 Rh3 89. Rg4 Rb3+ 90. Ka6 Kb8 91. a5
Kc7 92. Rg6 Rb1 93. Ka7 Rb5 94. a6 Rxc5 95. Rg7+ Kc8 96. Kb6 Rc1 97. Rg8+ Kd7
98. a7 Rb1+ 99. Kc5 Rc1+ 100. Kd4 1-0

[Event "Wch Seniors 23rd 2013"]
[Site "Rijeka"]
[Date "2013.11.21"]
[Round "9.96"]
[White "Andersson, Finn"]
[Black "Zilbershtein, Victor"]
[Result "1/2-1/2"]
[WhiteElo "1846"]
[BlackElo "1780"]
[PlyCount "65"]
[EventDate "2013.11.12"]

1. e4 e6 2. d4 d5 3. Nc3 Nf6 4. Bg5 Be7 5. exd5 exd5 6. Bd3 O-O 7. Nge2 b6 8.
O-O Bb7 9. Ng3 g6 10. Re1 c5 11. Be2 Nbd7 12. Bf3 Re8 13. Qd2 Rc8 14. Rad1 c4
15. Qf4 Ne4 16. Bxe7 Rxe7 17. Ngxe4 dxe4 18. Bxe4 Qe8 19. Re3 Bxe4 20. Nxe4 Kg7
21. Nd6 Rxe3 22. Nxe8+ Rexe8 23. Kf1 Nf6 24. Re1 Red8 25. Re7 a6 26. c3 Rd5 27.
g4 g5 28. Qf3 h6 29. h3 a5 30. Qe3 Rc6 31. Kg2 Rb5 32. Qf3 Rd5 33. Qe2 1/2-1/2

[Event "Wch Seniors 23rd 2013"]
[Site "Rijeka"]
[Date "2013.11.21"]
[Round "9.97"]
[White "Milosevic, Bozidar"]
[Black "Thonig, Manfred"]
[Result "0-1"]
[WhiteElo "1734"]
[BlackElo "1553"]
[PlyCount "116"]
[EventDate "2013.11.12"]

1. e4 e5 2. Bc4 Nf6 3. Nc3 Bc5 4. Nf3 d6 5. O-O O-O 6. a3 a5 7. h3 c6 8. d3 b5
9. Ba2 h6 10. Bd2 Qe7 11. Ne2 Bb6 12. b4 a4 13. Ng3 Na6 14. Nh4 d5 15. Qc1 Kh7
16. Ngf5 Bxf5 17. Nxf5 Qd8 18. Bxh6 g6 19. Bg7 Ng8 20. Bxf8 Qxf8 21. Ng3 Nc7
22. Ne2 Rd8 23. Qb2 d4 24. f4 Qh6 25. Bxf7 Nf6 26. f5 gxf5 27. Qc1 f4 28. Ng3
Qg7 29. Nf5 Qxf7 30. Qe1 Qh5 31. Rf3 Rg8 32. Qe2 Ne6 33. Re1 Ng5 34. g4 Nxf3+
35. Qxf3 Bd8 36. Re2 Qf7 37. Rg2 Qa2 38. g5 Qf7 39. gxf6 Rxg2+ 40. Kxg2 Qg6+
41. Qg4 Qxg4+ 42. hxg4 Bxf6 43. Nd6 Be7 44. Nb7 Kg6 45. Na5 c5 46. Nc6 Bd6 47.
bxc5 Bxc5 48. Nxe5+ Kg5 49. Nd7 Bxa3 50. Nb6 Bc5 51. Nd7 Be7 52. Nb6 a3 53. Nd5
a2 54. Nxe7 a1=Q 55. Nd5 Qe1 56. e5 Qg3+ 57. Kh1 f3 58. Nf4 Kxf4 0-1

[Event "Wch Seniors 23rd 2013"]
[Site "Opatija"]
[Date "2013.11.22"]
[Round "10.1"]
[White "Balashov, Yuri S"]
[Black "Vaisser, Anatoly"]
[Result "1/2-1/2"]
[WhiteElo "2440"]
[BlackElo "2523"]
[PlyCount "159"]
[EventDate "2013.11.12"]

1. d4 f5 2. g3 Nf6 3. Bg2 d6 4. c4 c6 5. Nf3 g6 6. O-O Bg7 7. d5 e5 8. dxe6
Bxe6 9. Qb3 Qe7 10. Nd4 Bf7 11. Bg5 O-O 12. Nd2 h6 13. Bxf6 Bxf6 14. e3 Na6 15.
Rad1 Rad8 16. Qa3 Nc5 17. Qc3 d5 18. cxd5 Bxd5 19. Bxd5+ Rxd5 20. b4 Ne6 21.
N2f3 Rfd8 22. Qb3 Kg7 23. Nxe6+ Qxe6 24. Rfe1 Qf7 25. Nd4 Bxd4 26. Rxd4 Rxd4
27. Qb2 Qe7 28. Qa1 Qxb4 29. exd4 Qxd4 30. Re7+ Kf6 31. Qxd4+ Rxd4 32. Rxb7 Ra4
33. Rc7 Ra6 34. h4 Ke5 35. f3 Kd4 36. Rd7+ Ke3 37. Rd6 Kxf3 38. Rxg6 Rxa2 39.
h5 Rg2+ 40. Kf1 Rh2 41. Kg1 Rg2+ 42. Kf1 Rc2 43. Kg1 a5 44. Rxh6 a4 45. Rd6 a3
46. Rd3+ Kg4 47. Rxa3 Kxh5 48. Ra4 c5 49. Rf4 Kg5 50. Kf1 c4 51. Ke1 c3 52. Rc4
Rc1+ 53. Ke2 c2 54. Kd2 Rg1 55. Kxc2 Rxg3 56. Kd2 Rg4 57. Rc1 Re4 58. Rg1+ Kh4
59. Kd3 Re5 60. Kd4 Re8 61. Rf1 Kg4 62. Rg1+ Kf4 63. Rf1+ Kg5 64. Rg1+ Kf6 65.
Rf1 Re7 66. Kd3 Re4 67. Rf3 Kg5 68. Rf1 Kg4 69. Rg1+ Kh5 70. Rf1 Kg6 71. Rg1+
Kh6 72. Rf1 Kg6 73. Rg1+ Kf6 74. Rg3 Re1 75. Re3 Rh1 76. Ke2 Kg5 77. Kf2 Rh2+
78. Kg3 f4+ 79. Kxh2 fxe3 80. Kg3 1/2-1/2

[Event "Wch Seniors 23rd 2013"]
[Site "Opatija"]
[Date "2013.11.22"]
[Round "10.2"]
[White "Kristiansen, Jens"]
[Black "Hulak, Krunoslav"]
[Result "1-0"]
[WhiteElo "2407"]
[BlackElo "2473"]
[PlyCount "133"]
[EventDate "2013.11.12"]

1. d4 Nf6 2. Nf3 e6 3. e3 b6 4. Bd3 Bb7 5. O-O c5 6. c4 Be7 7. Nc3 cxd4 8. exd4
d5 9. cxd5 Nxd5 10. Qe2 Nd7 11. Nxd5 Bxd5 12. Bf4 O-O 13. Rac1 Nf6 14. Ne5 Rc8
15. Bb5 Rxc1 16. Rxc1 h6 17. a3 Bd6 18. Bg3 Ne4 19. Bd3 Nxg3 20. hxg3 Qa8 21.
f3 Rc8 22. Re1 Rc7 23. g4 Qd8 24. Be4 Bxe4 25. Qxe4 Qc8 26. Re2 Rc1+ 27. Kf2
Qc7 28. Qa8+ Kh7 29. Qe4+ Kg8 30. Qa8+ Kh7 31. Qe4+ g6 32. Re1 Kg7 33. Re2 Qe7
34. g3 Qc7 35. Kg2 Qc8 36. f4 Rd1 37. Rf2 Bxe5 38. dxe5 Qd8 39. f5 Qd5 40. Qxd5
Rxd5 41. f6+ Kh7 42. Re2 g5 43. Kf3 Kg6 44. Ke4 Rd1 45. Kf3 a5 46. Re3 h5 47.
gxh5+ Kxh5 48. Rb3 Rf1+ 49. Ke4 Kg4 50. Rxb6 Kxg3 51. Rb7 Rf4+ 52. Ke3 Rf5 53.
Ke4 Kf2 54. Rxf7 Rf4+ 55. Kd3 g4 56. Rg7 g3 57. Kc3 a4 58. b4 axb3 59. Kxb3 Rf5
60. a4 g2 61. a5 g1=Q 62. Rxg1 Kxg1 63. a6 Rh5 64. Kc4 Kf2 65. f7 Rh8 66. Kc5
Rf8 67. a7 1-0

[Event "Wch Seniors 23rd 2013"]
[Site "Opatija"]
[Date "2013.11.22"]
[Round "10.3"]
[White "Vasiukov, Evgeni"]
[Black "Pritchett, Craig W"]
[Result "1/2-1/2"]
[WhiteElo "2457"]
[BlackElo "2359"]
[PlyCount "80"]
[EventDate "2013.11.12"]

1. e4 c5 2. Nf3 e6 3. d4 cxd4 4. Nxd4 Nf6 5. Nd2 d6 6. Bd3 Be7 7. Qe2 O-O 8. g4
Nc6 9. Nxc6 bxc6 10. g5 Nd7 11. h4 Nc5 12. f4 a5 13. O-O f5 14. exf5 Nxd3 15.
cxd3 Rxf5 16. Nc4 d5 17. Ne3 Rf8 18. Ng4 d4 19. Bd2 Qd5 20. Ne5 Bd6 21. a4 Rf5
22. Nc4 Bc7 23. Rae1 Bd7 24. b3 Rb8 25. Qd1 Rbf8 26. Re4 e5 27. Nxe5 Bxe5 28.
Rxe5 Rxe5 29. fxe5 Rxf1+ 30. Qxf1 Qxb3 31. Bxa5 Qxa4 32. Bc7 Qb3 33. Bd6 Qf7
34. Bc5 Qf5 35. Qxf5 Bxf5 36. Bxd4 Bxd3 37. e6 Bc4 38. e7 Kf7 39. Bc5 h5 40.
Kf2 g6 1/2-1/2

[Event "Wch Seniors 23rd 2013"]
[Site "Opatija"]
[Date "2013.11.22"]
[Round "10.4"]
[White "Herzog, Adolf"]
[Black "Kupreichik, Viktor D"]
[Result "1-0"]
[WhiteElo "2379"]
[BlackElo "2454"]
[PlyCount "75"]
[EventDate "2013.11.12"]

1. f4 c5 2. Nf3 Nc6 3. g3 g6 4. Bg2 Bg7 5. d3 d5 6. O-O Nf6 7. c3 O-O 8. Na3
Rb8 9. Ne5 Be6 10. Nxc6 bxc6 11. h3 Qc8 12. Kh2 Rd8 13. Qa4 Rb7 14. Qa5 c4 15.
dxc4 dxc4 16. Qa4 Rb6 17. Nxc4 Ra6 18. Qb4 c5 19. Qb5 Nd5 20. a4 Bf6 21. a5 Bd7
22. Qb3 Bc6 23. e4 Nc7 24. e5 Bxg2 25. Kxg2 Bg7 26. Be3 g5 27. fxg5 Re6 28.
Rae1 Rd5 29. Bf4 h6 30. Re2 hxg5 31. Bxg5 Rg6 32. Bxe7 Rd3 33. Bh4 Ne6 34. Nd6
Qc6+ 35. Kh2 Bxe5 36. Nf5 Kh7 37. Qc4 Rf3 38. Rxe5 1-0

[Event "Wch Seniors 23rd 2013"]
[Site "Opatija"]
[Date "2013.11.22"]
[Round "10.5"]
[White "Karason, Askell O"]
[Black "Suba, Mihai"]
[Result "0-1"]
[WhiteElo "2220"]
[BlackElo "2413"]
[PlyCount "108"]
[EventDate "2013.11.12"]

1. d4 Nf6 2. c4 e6 3. Nc3 Bb4 4. e3 O-O 5. Nge2 d5 6. a3 Be7 7. cxd5 exd5 8.
Nf4 c6 9. Bd3 Re8 10. O-O Bd6 11. Bc2 Nbd7 12. f3 Qc7 13. g3 Bxf4 14. exf4 Nf8
15. f5 b6 16. Bf4 Qd8 17. Qd2 Ba6 18. Rfe1 h6 19. b4 Bc4 20. g4 Rxe1+ 21. Rxe1
Ne8 22. Bg3 Nd6 23. h4 f6 24. Kg2 a5 25. Qf4 axb4 26. Qxd6 Qxd6 27. Bxd6 bxc3
28. Re3 Nd7 29. Rxc3 Re8 30. a4 c5 31. dxc5 bxc5 32. a5 Ra8 33. Bc7 Bb5 34. Ra3
c4 35. Kf2 Rc8 36. Bb6 Nxb6 37. axb6 Rb8 38. Ke3 Rxb6 39. Ra8+ Kf7 40. Ra7+ Kf8
41. Ra8+ Ke7 42. Ra7+ Kd6 43. Kd4 Ra6 44. Rxg7 Ra2 45. Rf7 Rxc2 46. Rxf6+ Ke7
47. g5 Rd2+ 48. Kc5 Bd7 49. Rxh6 Bxf5 50. Kb4 Rf2 51. Kc5 c3 52. Kxd5 c2 53.
Rc6 Rf1 54. Ke5 Bd3 0-1

[Event "Wch Seniors 23rd 2013"]
[Site "Opatija"]
[Date "2013.11.22"]
[Round "10.7"]
[White "Kakageldyev, Amanmurad"]
[Black "Van Riemsdijk, Herman C"]
[Result "1/2-1/2"]
[WhiteElo "2384"]
[BlackElo "2347"]
[PlyCount "182"]
[EventDate "2013.11.12"]

1. d4 Nf6 2. c4 e6 3. Nc3 Bb4 4. Qc2 c5 5. dxc5 Bxc5 6. Nf3 Qb6 7. e3 a6 8. Be2
Qc7 9. O-O Be7 10. Rd1 b6 11. b3 Bb7 12. Bb2 d6 13. Rac1 Nbd7 14. Nd4 O-O 15.
f3 Rfd8 16. Bf1 Nf8 17. Qf2 Rac8 18. g4 Ng6 19. g5 Ne8 20. f4 Nf8 21. h4 g6 22.
Bg2 Ng7 23. Bf3 Nd7 24. Qg2 Bxf3 25. Qxf3 Nh5 26. Qh3 Nf8 27. Rf1 Qd7 28. Qf3
Ng7 29. Ne4 d5 30. Nf2 dxc4 31. Ng4 Kh8 32. Ne5 Qe8 33. bxc4 Bc5 34. Qb7 Nd7
35. Nec6 e5 36. Nxd8 Rxd8 37. fxe5 Nxe5 38. Qe4 Kg8 39. Rc2 Nh5 40. Nb3 Bd6 41.
Rg2 Qe6 42. Bd4 Re8 43. Bxe5 Bxe5 44. Qd5 Ng3 45. Qxe6 Rxe6 46. Rf3 Nf5 47. Rg4
h5 48. gxh6 Nxh6 49. Rg2 Bg7 50. h5 gxh5 51. Rg5 Ng4 52. Nd4 Rg6 53. Rxg6 fxg6
54. Nc6 Bf6 55. e4 Kg7 56. Rb3 Bg5 57. Nb4 Ne5 58. Nxa6 Nxc4 59. Rc3 Ne5 60.
Nc7 Bd2 61. Rb3 g5 62. Kg2 g4 63. Rb5 Ng6 64. Rxb6 h4 65. Nd5 h3+ 66. Kf2 Ne5
67. Rb1 Nf3 68. Kg3 Be1+ 69. Rxe1 Nxe1 70. Ne3 Nf3 71. Nxg4 Ng5 72. Nf2 Kf6 73.
a4 Ke5 74. a5 Kd6 75. a6 Kc7 76. e5 Kb6 77. Nxh3 Ne6 78. Kg4 Kxa6 79. Kf5 Nd8
80. Kf6 Kb6 81. Ng5 Nc6 82. e6 Kc7 83. Nf3 Kd8 84. Kf7 Kc7 85. Kf6 Kd8 86. Ng5
Ke8 87. Nf7 Ne7 88. Ke5 Ng6+ 89. Kf6 Ne7 90. Nh8 Nd5+ 91. Ke5 Nc7 1/2-1/2

[Event "Wch Seniors 23rd 2013"]
[Site "Opatija"]
[Date "2013.11.22"]
[Round "10.10"]
[White "Chernikov, Oleg L"]
[Black "Sloth, Jorn"]
[Result "1/2-1/2"]
[WhiteElo "2400"]
[BlackElo "2338"]
[PlyCount "130"]
[EventDate "2013.11.12"]

1. c4 c5 2. Nf3 g6 3. e4 Nc6 4. d4 cxd4 5. Nxd4 Bg7 6. Be3 Nf6 7. Nc3 Ng4 8.
Qxg4 Nxd4 9. Qd1 Ne6 10. Rc1 d6 11. Bd3 Bd7 12. O-O O-O 13. b3 Nc5 14. Bb1 a5
15. Re1 Bc6 16. Bg5 Re8 17. Nd5 b6 18. Qd2 Ra7 19. f4 Bxd5 20. exd5 Bf6 21. Bh6
e6 22. dxe6 fxe6 23. Qe2 Kf7 24. Rf1 d5 25. cxd5 exd5 26. Qf3 d4 27. f5 g5 28.
h4 gxh4 29. a3 Kg8 30. b4 axb4 31. axb4 Nd7 32. Ba2+ Kh8 33. Be6 Ne5 34. Qe4
Rc7 35. Rxc7 Qxc7 36. Bf4 d3 37. Re1 Rd8 38. Bxe5 Qxe5 39. Qxe5 Bxe5 40. Rxe5
d2 41. Bb3 d1=Q+ 42. Bxd1 Rxd1+ 43. Kf2 Rd4 44. Rb5 Kg7 45. Rxb6 Rf4+ 46. Ke3
Rxf5 47. Rd6 Rg5 48. Rd2 Kf6 49. Kd4 Rg3 50. b5 Ke6 51. Kc5 h3 52. gxh3 Rxh3
53. b6 Rc3+ 54. Kb5 h5 55. b7 Rb3+ 56. Kc6 Rc3+ 57. Kb6 Rb3+ 58. Kc7 Kf5 59.
Rd8 Kf4 60. b8=Q Rxb8 61. Rxb8 h4 62. Kd6 h3 63. Rh8 Kg3 64. Ke5 h2 65. Ke4 Kg2
1/2-1/2

[Event "Wch Seniors 23rd 2013"]
[Site "Opatija"]
[Date "2013.11.22"]
[Round "10.11"]
[White "Medancic, Rikard"]
[Black "Mishuchkov, Nikolai M"]
[Result "1/2-1/2"]
[WhiteElo "2244"]
[BlackElo "2367"]
[PlyCount "85"]
[EventDate "2013.11.12"]

1. d4 Nf6 2. Nf3 d5 3. Bg5 Nbd7 4. e3 c6 5. Nbd2 g6 6. Be2 Bg7 7. O-O O-O 8. c4
h6 9. Bh4 g5 10. Bg3 Ne4 11. cxd5 Nxg3 12. hxg3 cxd5 13. Qb3 e6 14. Rac1 Qb6
15. Qxb6 Nxb6 16. Rc7 Rb8 17. Nb3 Rd8 18. Ne5 Na8 19. Rc3 Bxe5 20. dxe5 Bd7 21.
Rfc1 Rdc8 22. Nc5 Bc6 23. Na6 bxa6 24. Rxc6 Rxc6 25. Rxc6 Rxb2 26. Rc8+ Kg7 27.
Bh5 Nb6 28. Rc7 Nc4 29. Bxf7 Nxe5 30. Bxe6+ Kf6 31. Bc8 Rxa2 32. f4 Nd3 33.
Rc6+ Kg7 34. Bf5 Ra1+ 35. Kh2 Nf2 36. g4 d4 37. fxg5 hxg5 38. exd4 Ra4 39. Rd6
a5 40. Kg3 Nh1+ 41. Kh2 Nf2 42. Rd8 Rb4 43. Kg1 1/2-1/2

[Event "Wch Seniors 23rd 2013"]
[Site "Opatija"]
[Date "2013.11.22"]
[Round "10.12"]
[White "Shvedchikov, Anatoli I"]
[Black "La Rota, Fabio"]
[Result "1/2-1/2"]
[WhiteElo "2363"]
[BlackElo "2258"]
[PlyCount "27"]
[EventDate "2013.11.12"]

1. d4 c6 2. Nf3 d5 3. e3 Bf5 4. c4 e6 5. Nc3 Nf6 6. Bd3 Bg6 7. Ne5 Nbd7 8. Nxg6
hxg6 9. Qb3 Qc7 10. h3 g5 11. Bd2 Be7 12. O-O-O O-O-O 13. Kb1 Kb8 14. e4
1/2-1/2

[Event "Wch Seniors 23rd 2013"]
[Site "Opatija"]
[Date "2013.11.22"]
[Round "10.13"]
[White "Cebalo, Miso"]
[Black "Schmidt, Gerhard"]
[Result "1/2-1/2"]
[WhiteElo "2415"]
[BlackElo "2237"]
[PlyCount "82"]
[EventDate "2013.11.12"]

1. c4 e6 2. g3 Nf6 3. Bg2 d5 4. Nf3 Be7 5. O-O O-O 6. b3 c6 7. Bb2 b5 8. Qc2
bxc4 9. bxc4 Nbd7 10. d3 Rb8 11. Nbd2 c5 12. e3 Bb7 13. Rab1 Bc6 14. Ne5 Nxe5
15. Bxe5 Rb6 16. Bxf6 Bxf6 17. cxd5 Bxd5 18. Bxd5 Qxd5 19. Nc4 Rxb1 20. Rxb1 h5
21. Qe2 h4 22. e4 Qc6 23. e5 Be7 24. Qe4 Qxe4 25. dxe4 Rd8 26. f3 Rd4 27. Rc1
hxg3 28. hxg3 f6 29. exf6 gxf6 30. Kf2 f5 31. exf5 exf5 32. f4 Kf7 33. Ke2 Kf6
34. Rc2 Ke6 35. Ne3 Bf8 36. Rc4 Be7 37. Rxd4 cxd4 38. Nc2 Kd5 39. Kd3 Bc5 40.
Ne1 Bb6 41. Nf3 Bc5 1/2-1/2

[Event "Wch Seniors 23rd 2013"]
[Site "Opatija"]
[Date "2013.11.22"]
[Round "10.14"]
[White "Blechzin, Igor"]
[Black "Acers, Jude"]
[Result "1/2-1/2"]
[WhiteElo "2411"]
[BlackElo "2230"]
[PlyCount "160"]
[EventDate "2013.11.12"]

1. c4 e5 2. Nc3 Bb4 3. Nf3 Bxc3 4. bxc3 e4 5. Nd4 Nf6 6. g3 O-O 7. Bg2 c5 8.
Nc2 b6 9. O-O Nc6 10. Ne3 Ne5 11. d4 Nc6 12. Nd5 h6 13. Nxf6+ Qxf6 14. Bxe4 Ba6
15. dxc5 Qxc3 16. Be3 Qe5 17. Bg2 Qe7 18. cxb6 axb6 19. Qc2 Rfc8 20. Bxb6 Rab8
21. c5 Nd4 22. Qe4 Nxe2+ 23. Kh1 Qxe4 24. Bxe4 Nc3 25. Bf5 Bxf1 26. Rxf1 Nd5
27. Bxd7 Nxb6 28. cxb6 Rd8 29. Bb5 Rxb6 30. a4 Rd2 31. Kg2 Ra2 32. Re1 g6 33.
Re3 Kg7 34. Rf3 Rf6 35. Rxf6 Kxf6 36. h4 Ra3 37. Be8 Ke7 38. Bb5 g5 39. hxg5
hxg5 40. Kh3 f5 41. Kg2 Kd6 42. Be8 Ke5 43. Bb5 Ra2 44. Kf3 Rc2 45. Ke3 Rc3+
46. Ke2 Ra3 47. Be8 f4 48. gxf4+ Kxf4 49. Bc6 Ra2+ 50. Kf1 Rc2 51. Bb7 Rc4 52.
a5 Ra4 53. a6 Ra2 54. Kg1 Kg4 55. Kf1 Kh3 56. f3 Kg3 57. Ke1 Kf4 58. Kd1 Ke5
59. Kc1 Kd4 60. Kb1 Ra5 61. Kc2 Kc4 62. Kd2 Ra3 63. Ke2 Kd4 64. Kf2 Ke5 65. Kg3
Kf6 66. Kg4 Ra4+ 67. Kg3 Ke5 68. Kf2 Kf4 69. Ke2 Ra3 70. Kd2 Kg3 71. Kc2 Kf2
72. Kb2 Ra5 73. Kc3 Ke3 74. Kb4 Rxa6 75. Bxa6 Kxf3 76. Bb7+ Kf4 77. Kc3 g4 78.
Kd2 Kg3 79. Bc8 Kf3 80. Bxg4+ Kxg4 1/2-1/2

[Event "Wch Seniors 23rd 2013"]
[Site "Opatija"]
[Date "2013.11.22"]
[Round "10.15"]
[White "Postler, Reinhard"]
[Black "Karasev, Vladimir I"]
[Result "0-1"]
[WhiteElo "2232"]
[BlackElo "2377"]
[PlyCount "62"]
[EventDate "2013.11.12"]

1. e4 c5 2. Nf3 e6 3. d4 cxd4 4. Nxd4 Qb6 5. Nb3 Qc7 6. Nc3 a6 7. f4 b5 8. Bd3
b4 9. Nb1 Bb7 10. Be3 Nf6 11. N1d2 h5 12. Qf3 d5 13. Bd4 dxe4 14. Nxe4 Nbd7 15.
O-O Be7 16. c3 bxc3 17. Bxc3 Bd5 18. Qe2 O-O 19. Nbd2 g6 20. Kh1 Nxe4 21. Nxe4
Nc5 22. Nxc5 Bxc5 23. Bxa6 Bxg2+ 24. Qxg2 Rxa6 25. Rac1 Qe7 26. f5 exf5 27.
Rxf5 Bb4 28. Re1 Qd7 29. Rxh5 Bxc3 30. bxc3 Qc6 31. Rg5 Qxc3 0-1

[Event "Wch Seniors 23rd 2013"]
[Site "Opatija"]
[Date "2013.11.22"]
[Round "10.16"]
[White "Stepovoj, Vladimir"]
[Black "Trois, Francisco R.T"]
[Result "0-1"]
[WhiteElo "2345"]
[BlackElo "2229"]
[PlyCount "70"]
[EventDate "2013.11.12"]

1. d4 d5 2. c4 c6 3. cxd5 cxd5 4. Nc3 Nf6 5. Bf4 Nc6 6. e3 Bf5 7. Qb3 Na5 8.
Bb5+ Bd7 9. Qa4 Nc6 10. Nf3 a6 11. Bxc6 Bxc6 12. Qb3 e6 13. Ne5 Bd6 14. Nxc6
bxc6 15. Bxd6 Qxd6 16. O-O O-O 17. Na4 e5 18. dxe5 Qxe5 19. h3 Ne4 20. Rfd1
Rab8 21. Qd3 Qf6 22. f3 Nd6 23. b3 Nf5 24. Rac1 Rbd8 25. e4 Nh4 26. Nc5 Qg5 27.
Qf1 Ng6 28. Kf2 h5 29. g3 h4 30. Qg2 Rfe8 31. gxh4 Qxh4+ 32. Qg3 Qf6 33. Kg1
Nf4 34. Rd2 dxe4 35. Nxe4 Rxe4 0-1

[Event "Wch Seniors 23rd 2013"]
[Site "Opatija"]
[Date "2013.11.22"]
[Round "10.17"]
[White "Chernov, Evgen"]
[Black "Hartung-Nielsen, Jens"]
[Result "1-0"]
[WhiteElo "2325"]
[BlackElo "2219"]
[PlyCount "75"]
[EventDate "2013.11.12"]

1. e4 c5 2. Ne2 e6 3. d4 cxd4 4. Nxd4 Nf6 5. Nc3 Nc6 6. Ndb5 Bb4 7. a3 Bxc3+ 8.
Nxc3 d5 9. exd5 exd5 10. Bd3 O-O 11. O-O d4 12. Ne2 Qd5 13. Re1 Bf5 14. Nf4 Qd7
15. Bc4 Rfe8 16. Rxe8+ Rxe8 17. Nd3 Ng4 18. Bf4 Nge5 19. Nxe5 Nxe5 20. Bf1 Qd5
21. Qd2 Qe4 22. Rc1 h6 23. f3 Qd5 24. Re1 Re6 25. b3 b5 26. Rd1 a6 27. Qf2 Qc5
28. c4 bxc4 29. b4 Qb5 30. Bxe5 Rxe5 31. Qxd4 Be6 32. Rc1 Rd5 33. Qxc4 Qb6+ 34.
Kh1 Rd1 35. Qc2 Bb3 36. Qc8+ Kh7 37. Rxd1 Bxd1 38. Qxa6 1-0

[Event "Wch Seniors 23rd 2013"]
[Site "Opatija"]
[Date "2013.11.22"]
[Round "10.18"]
[White "Wahlbom, Magnus"]
[Black "Nukin, Tolegen"]
[Result "1-0"]
[WhiteElo "2304"]
[BlackElo "2208"]
[PlyCount "99"]
[EventDate "2013.11.12"]

1. e4 e5 2. Nf3 Nc6 3. Bb5 Nf6 4. d3 d6 5. c3 g6 6. O-O Bg7 7. h3 h6 8. Be3 O-O
9. Nbd2 Qe7 10. Re1 Nd8 11. d4 Nh5 12. b4 Ne6 13. Bf1 b6 14. Nc4 Ng5 15. Nxg5
hxg5 16. a4 Nf4 17. dxe5 dxe5 18. a5 Rd8 19. Qf3 Bb7 20. g3 f5 21. gxf4 Bxe4
22. Qe2 gxf4 23. Bc1 Rd3 24. Qa2 Kh7 25. Rxe4 fxe4 26. Qe2 Qg5+ 27. Kh2 Qf5 28.
Nd2 e3 29. Qxd3 Qxd3 30. Bxd3 exd2 31. Bb2 Rd8 32. axb6 axb6 33. Bc2 e4 34. Kg2
Kh6 35. Rd1 e3 36. fxe3 fxe3 37. Kf3 Re8 38. Ke2 Be5 39. Rf1 g5 40. Rf7 g4 41.
h4 d1=Q+ 42. Bxd1 Rd8 43. Bc1 Kg6 44. Bb3 Bxc3 45. Rxc7 Bd2 46. Bxd2 exd2 47.
Bc2+ Kf6 48. Rc4 Rg8 49. Rf4+ Ke5 50. Rf5+ 1-0

[Event "Wch Seniors 23rd 2013"]
[Site "Opatija"]
[Date "2013.11.22"]
[Round "10.20"]
[White "Thormann, Wolfgang"]
[Black "Titz, Heimo"]
[Result "1-0"]
[WhiteElo "2271"]
[BlackElo "2174"]
[PlyCount "111"]
[EventDate "2013.11.12"]

1. e4 c5 2. Nf3 e6 3. c3 Nf6 4. e5 Nd5 5. d4 cxd4 6. cxd4 b6 7. Bd3 Ba6 8. O-O
Be7 9. Re1 Bxd3 10. Qxd3 Qc8 11. a3 Qa6 12. Qe4 O-O 13. Bd2 Nc6 14. Nc3 Nxc3
15. Bxc3 Qc4 16. Rac1 Qd5 17. Qxd5 exd5 18. Rc2 b5 19. Bd2 Rfc8 20. Rec1 a6 21.
Kf1 Kf8 22. Ng1 Rcb8 23. Ne2 Ke8 24. Be3 b4 25. Ra1 bxa3 26. bxa3 Rb3 27. Nf4
Rxa3 28. Rxa3 Bxa3 29. Nxd5 Rb8 30. Nc7+ Ke7 31. Nxa6 Rb2 32. Rc4 Rb1+ 33. Ke2
Bb4 34. f4 Rb2+ 35. Kf3 Ba3 36. d5 Nb8 37. d6+ Kd8 38. Nxb8 Rxb8 39. Ra4 Bb2
40. Bb6+ Ke8 41. Bc7 Rc8 42. Rb4 Bc3 43. Rb3 Ba1 44. Rb1 Ra8 45. Ba5 Bd4 46.
Ke4 f5+ 47. Kxd4 Rxa5 48. Rb8+ Kf7 49. Rd8 Ra7 50. Kd5 h6 51. Rxd7+ Rxd7 52.
e6+ Ke8 53. exd7+ Kxd7 54. Ke5 h5 55. g3 g6 56. h4 1-0

[Event "Wch Seniors 23rd 2013"]
[Site "Opatija"]
[Date "2013.11.22"]
[Round "10.21"]
[White "Vokoun, Jan"]
[Black "Kiefer, Gerhard"]
[Result "1-0"]
[WhiteElo "2185"]
[BlackElo "2271"]
[PlyCount "145"]
[EventDate "2013.11.12"]

1. d4 Nf6 2. Nf3 e6 3. Bg5 c5 4. c3 d5 5. e3 Nc6 6. Nbd2 Be7 7. Bd3 O-O 8. Bxf6
gxf6 9. O-O Bd7 10. dxc5 Bxc5 11. e4 dxe4 12. Nxe4 Be7 13. Bc2 f5 14. Ng3 Kh8
15. Qd2 Qe8 16. b4 f6 17. Nd4 Rd8 18. a3 Nxd4 19. cxd4 Bc6 20. Bb3 Bd5 21. Bxd5
Rxd5 22. Rfe1 Qd7 23. Rad1 e5 24. Qc2 e4 25. Ne2 Rc8 26. Qb3 Bf8 27. Qh3 Rc2
28. f3 e3 29. f4 Qe6 30. Rd3 Rd8 31. Rxe3 Qd5 32. Qh5 a5 33. bxa5 Qxa5 34. Rf1
Qd5 35. h3 Ra2 36. Qf3 Qxf3 37. Rfxf3 Ra8 38. Ng3 R2xa3 39. Nxf5 Rxe3 40. Rxe3
Ra2 41. Rb3 Ra5 42. g4 Ra3 43. Rxb7 Rxh3 44. Rf7 Kg8 45. Rxf6 Bg7 46. Re6 Rd3
47. Kf2 Bf8 48. Re3 Rd2+ 49. Kf3 Kf7 50. Rb3 Rh2 51. Rb7+ Ke6 52. Kg3 Rh1 53.
Kg2 Ra1 54. Rxh7 Kd5 55. Rf7 Bb4 56. g5 Ke4 57. Ng3+ Kxd4 58. g6 Ra6 59. f5 Ke5
60. Nh5 Ra8 61. g7 Bc5 62. Kf3 Ra3+ 63. Kg4 Ra4+ 64. Kg5 Be3+ 65. Kg6 Rg4+ 66.
Kh7 Rh4 67. Re7+ Kxf5 68. Rxe3 Rxh5+ 69. Kg8 Kf4 70. Re8 Ra5 71. Kf7 Rf5+ 72.
Ke6 Re5+ 73. Kd7 1-0